000 00816nam a22002415i 4500
001 157246
003 ES-MaACL
005 20251015063141.0
008 950724s1897 fr a |||| | fre d
040 _aCAT
_bspa
_cCAT
_dCCPB
080 _a612
100 1 _aLaumonier, Jean,
_dn. 1861
_9128738
245 1 3 _aLa Physiologie générale /
_cpar le Dr J. Laumonier.
260 _aParis :
_bLibrairie C. Reinwald, Schleicher frères,
_c1897.
300 _a4, XVI, 582 p. :
_bil. ;
_c19 cm.
490 1 _aBibliothèque des sciences contemporaines
504 _aÍndice.
597 _aJunto con 4 p. de propaganda editorial.
650 4 _aFisiología.
_9136120
830 0 _aBibliothèque des sciences contemporaines
_9182450
852 _aES-MaACL
_jG-13379
_z-- Enc. tela
999 _c157246
_d157246